|
|
|
|
| LEADER |
00000nam a2200000 i 4500 |
| 001 |
1/69607 |
| 008 |
990216s1940 eng d |
| 035 |
|
|
|l 10047880
|
| 040 |
|
|
|a GR-MY-UA
|b gre
|e aacr
|
| 041 |
0 |
|
|a eng
|
| 082 |
0 |
|
|a 910
|
| 100 |
1 |
|
|a Stamp, L. Dudley
|q (Lawrence Dudley)
|d 1898-1966.
|
| 245 |
1 |
4 |
|a The world :
|b a general geography /
|c L. Dudley Stamp
|
| 250 |
|
|
|a 11th ed.
|
| 260 |
|
|
|a London :
|b Longmans,
|c 1940
|
| 300 |
|
|
|a 682 p.
|b maps
|
| 500 |
|
|
|a With 404 diagrams and illustrations
|
| 650 |
0 |
0 |
|a Geography.
|
| 852 |
|
|
|a INST
|b CHIOS
|e 19990216
|h 910 STA
|p 005200014850
|q 005200014850
|t BK
|y 0
|
| 901 |
|
|
|a BIBL-1999-1
|
| 909 |
|
|
|a Χ
|b 055385
|
| 922 |
|
|
|a 2ΔΩΡ
|b 199902
|d ΛΕΜΟΝΙΑ
|